[Event "90th DEN-ch"]
[Site "Odense DEN"]
[Date "2011.04.23"]
[Round "8"]
[White "Andersen, Mads"]
[Black "Seegert, Kristian"]
[WhiteElo "2413"]
[BlackElo "2146"]
[Result "1-0"]
[EventDate "2011.04.16"]
[PlyCount "61"]
[EventCategory "7"]
[Source "ChessBase"]
[SourceDate "2011.05.03"]

1. d4 d5 2. c4 c6 3. Nf3 Nf6 4. e3 Bf5 5. Nc3 e6 6. Nh4 Be4 7. f3 Bg6 8. Qb3
Qc7 9. Bd2 Nbd7 10. cxd5 Nxd5 11. g3 Be7 12. Be2 Bxh4 13. gxh4 O-O 14. e4 Nf4
15. O-O-O c5 16. Kb1 cxd4 17. Nb5 Qb8 18. Nxd4 Nc5 19. Qe3 e5 20. Nf5 Nce6 21.
Bb4 Bxf5 22. exf5 Nd4 23. Bxf8 Kxf8 24. Bd3 Qd6 25. Be4 Rb8 26. Rd2 b5 27. Rg1
Rb6 28. Rg4 Nh5 29. f4 Qh6 30. Qc3 Nf6 31. Qc5+ 1-0

[Event "90th DEN-ch"]
[Site "Odense DEN"]
[Date "2011.04.23"]
[Round "8"]
[White "Antonsen, Mikkel"]
[Black "Skytte, Rasmus"]
[WhiteElo "2449"]
[BlackElo "2409"]
[Result "1-0"]
[EventDate "2011.04.16"]
[PlyCount "75"]
[EventCategory "7"]
[Source "ChessBase"]
[SourceDate "2011.05.03"]

1. d4 d6 2. e4 Nf6 3. f3 d5 4. e5 Ng8 5. f4 Bf5 6. Nf3 e6 7. Be3 Nd7 8. Be2 Ne7
9. O-O Bg6 10. Bf2 a6 11. Nbd2 Nc8 12. Nh4 Be7 13. Nxg6 hxg6 14. Nf3 c5 15. c3
cxd4 16. cxd4 Nb8 17. Bd3 Nc6 18. g4 Qd7 19. Rc1 N8a7 20. Nd2 Rh3 21. Nb3 O-O-O
22. Bg3 Kb8 23. Nc5 Bxc5 24. dxc5 Nb5 25. Rf2 Nc7 26. Bf1 Rhh8 27. Rd2 d4 28.
Qf3 Nd5 29. h4 Ne3 30. Bd3 f5 31. exf6 gxf6 32. f5+ e5 33. fxg6 Qxg4 34. Qxg4
Nxg4 35. Rf1 Rdg8 36. Rg2 Ne7 37. Rxf6 Nxf6 38. Bxe5+ 1-0

[Event "90th DEN-ch"]
[Site "Odense DEN"]
[Date "2011.04.23"]
[Round "8"]
[White "Kristiansen, Jens"]
[Black "Schandorff, Lars"]
[WhiteElo "2436"]
[BlackElo "2488"]
[Result "1/2-1/2"]
[EventDate "2011.04.16"]
[PlyCount "36"]
[EventCategory "7"]
[Source "ChessBase"]
[SourceDate "2011.05.03"]

1. d4 Nf6 2. Nf3 d5 3. c4 e6 4. Nc3 Be7 5. Bg5 h6 6. Bxf6 Bxf6 7. e3 O-O 8. Qd2
c5 9. dxc5 Na6 10. cxd5 Nxc5 11. Bc4 b5 12. Bxb5 Qa5 13. Rc1 Bxc3 14. Qxc3 Qxb5
15. Qxc5 Qxb2 16. Qc2 Qb5 17. dxe6 Bxe6 18. Nd4 Qa5+ 1/2-1/2

[Event "90th DEN-ch"]
[Site "Odense DEN"]
[Date "2011.04.23"]
[Round "8"]
[White "Pedersen, Steffen"]
[Black "Aagaard, Jacob"]
[WhiteElo "2417"]
[BlackElo "2528"]
[Result "1-0"]
[EventDate "2011.04.16"]
[PlyCount "65"]
[EventCategory "7"]
[Source "ChessBase"]
[SourceDate "2011.05.03"]

1. d4 d5 2. c4 e6 3. Nc3 c5 4. cxd5 exd5 5. Nf3 Nc6 6. g3 Nf6 7. Bg2 Be7 8. O-O
O-O 9. dxc5 Bxc5 10. Bg5 d4 11. Bxf6 Qxf6 12. Nd5 Qf5 13. Nf4 Rd8 14. Rc1 Bb6
15. Nd2 Bc7 16. Nd3 Rb8 17. Nb3 Be6 18. Nbc5 Bd5 19. Bxd5 Qxd5 20. Qa4 Na5 21.
Na6 bxa6 22. Rxc7 Nb7 23. Qxa6 Nd6 24. Rfc1 Qe4 25. R1c2 h5 26. Qc6 Qf5 27. Qf3
Qa5 28. b4 Qa4 29. Qxh5 Rb5 30. Qh4 Re8 31. Qxd4 Rb6 32. Qd5 Rf8 33. Qa5 1-0

[Event "90th DEN-ch"]
[Site "Odense DEN"]
[Date "2011.04.24"]
[Round "9"]
[White "Aagaard, Jacob"]
[Black "Andersen, Mads"]
[WhiteElo "2528"]
[BlackElo "2413"]
[Result "1-0"]
[EventDate "2011.04.16"]
[PlyCount "99"]
[EventCategory "7"]
[Source "ChessBase"]
[SourceDate "2011.05.03"]

1. d4 Nf6 2. c4 g6 3. Nc3 d5 4. Nf3 Bg7 5. Qa4+ Bd7 6. Qb3 dxc4 7. Qxc4 O-O 8.
Bf4 Na6 9. e4 c5 10. e5 Nh5 11. Be3 cxd4 12. Qxd4 Be6 13. Be2 Qxd4 14. Nxd4
Bxe5 15. Nxe6 fxe6 16. Bf3 Nb4 17. O-O-O Nf6 18. Kb1 Nc6 19. Na4 Kf7 20. Nc5
Rab8 21. Rhe1 Rfc8 22. g4 Nd4 23. Rxd4 Rxc5 24. Rb4 Ra5 25. Bxa7 Rxa7 26. Rxe5
Rd8 27. Rf4 h6 28. h4 Kg7 29. Rxe6 b5 30. g5 hxg5 31. hxg5 Nh7 32. Re5 Rd2 33.
Bd5 e6 34. Be4 Re2 35. Rxe6 Rd7 36. Rxg6+ Kh8 37. a3 Rd1+ 38. Ka2 Rdd2 39. Rh6
Rxb2+ 40. Ka1 Ra2+ 41. Kb1 Rab2+ 42. Kc1 Ra2 43. Rxh7+ Kg8 44. Rh1 Rxe4 45.
Rxe4 Ra1+ 46. Kb2 Rxh1 47. f4 Rf1 48. Kc3 Rf3+ 49. Kb4 Kf7 50. Re5 1-0

[Event "90th DEN-ch"]
[Site "Odense DEN"]
[Date "2011.04.24"]
[Round "9"]
[White "Rasmussen, Allan Stig"]
[Black "Pedersen, Steffen"]
[WhiteElo "2538"]
[BlackElo "2417"]
[Result "1/2-1/2"]
[EventDate "2011.04.16"]
[PlyCount "49"]
[EventCategory "7"]
[Source "ChessBase"]
[SourceDate "2011.05.03"]

1. e4 e5 2. Nf3 Nc6 3. d4 exd4 4. Nxd4 Nf6 5. Nc3 Bb4 6. Nxc6 bxc6 7. Bd3 d5 8.
exd5 cxd5 9. O-O O-O 10. Bg5 c6 11. Qf3 Bd6 12. Bxf6 Qxf6 13. Qxf6 gxf6 14. Ne2
Be5 15. Rab1 Rd8 16. f4 Bc7 17. Ng3 c5 18. b3 Rb8 19. Rbd1 Ba5 20. h3 Bb7 21.
Kh2 Bc6 22. Nh5 Rd6 23. Rf3 Kh8 24. Rg3 Rg8 25. Rg4 1/2-1/2

[Event "90th DEN-ch"]
[Site "Odense DEN"]
[Date "2011.04.24"]
[Round "9"]
[White "Seegert, Kristian"]
[Black "Antonsen, Mikkel"]
[WhiteElo "2146"]
[BlackElo "2449"]
[Result "0-1"]
[EventDate "2011.04.16"]
[PlyCount "72"]
[EventCategory "7"]
[Source "ChessBase"]
[SourceDate "2011.05.03"]

1. e4 e6 2. d4 d5 3. Nc3 Bb4 4. Nge2 Nc6 5. a3 Bxc3+ 6. Nxc3 dxe4 7. Bb5 Nge7
8. Bg5 f6 9. Be3 O-O 10. Qd2 a6 11. Bxc6 Nxc6 12. Nxe4 b6 13. O-O-O Bb7 14. f3
Ne7 15. Qf2 Qd7 16. Nc3 Rad8 17. Ne2 Qc6 18. Rhe1 a5 19. Kb1 b5 20. Bd2 Qb6 21.
Nf4 Bd5 22. Qe3 Rd6 23. Qc3 Ra8 24. Qc5 Qb7 25. Nd3 Nc6 26. Bf4 Rdd8 27. Nc1
Bc4 28. Qh5 Rxd4 29. Rxd4 Nxd4 30. Rd1 e5 31. c3 Bf7 32. Qh3 Bg6+ 33. Ka2 Qd5+
34. b3 a4 35. cxd4 axb3+ 36. Kb2 Qd6 0-1